Tangram: iniciación experimental al conocimiento de formas y superficies

Gorde:
Xehetasun bibliografikoak
Egile Nagusiak: Fletcher, David (Egilea), Ibbotson, Joseph (Egilea)
Formatua: Liburua
Hizkuntza:gaztelania
Argitaratua: Barcelona Teide 1973
Gaiak:
Etiketak: Etiketa erantsi
Etiketarik gabe, Izan zaitez lehena erregistro honi etiketa jartzen!

MARC

LEADER 00000nam a2200000 a 4500
001 UCY8588
003 CL-VaPUC
008 950703e19730000SP |||||||||||||||||spa|d
082 0 4 |a 372.7  |b FLE  |2 21 
100 0 |a Fletcher, David  |e author  |9 340089 
700 0 |a Ibbotson, Joseph  |e author  |9 340090 
245 1 0 |a Tangram: iniciación experimental al conocimiento de formas y superficies 
300 |a 93 p 
942 |c BK 
945 |d 19950703 00:00:00  |a cmena 
260 |a Barcelona  |b Teide  |c 1973 
650 0 |a Matemática  |9 260235 
650 0 |a Métodos de enseñanza  |9 270413 
650 0 |a Geometría   |9 264063 
650 7 |a MATERIAL Y EQUIPO DIDACTICOS  |2 CL-VaPUC  |9 309109 
650 0 |a Desarrollo mental   |9 313003 
650 0 |a Educación básica   |9 224933 
583 |a last modification  |c 19950703 00:00:00  |k Rodrigo Vera 
999 |c 235819  |d 235817 
952 |0 0  |1 0  |4 0  |6 372_700000000000000_FLE_1973  |7 0  |8 P  |9 243471  |a BIBEDU  |b BIBEDU  |c BIBEDU_PB  |d 2019-11-18  |i 1526162  |o 372.7 FLE 1973  |p 1526162  |r 2024-01-25  |w 2019-11-18  |y BK  |k EDU